| 000 | 00543nam a22001577a 4500 | ||
|---|---|---|---|
| 003 | OSt | ||
| 005 | 20151030104508.0 | ||
| 008 | 151030b xxu||||| |||| 00| 0 eng d | ||
| 040 | _cRUA | ||
| 082 | _aFOR អៀង 1989 B115 Or.1 | ||
| 100 |
_93063 _aអៀង សាវ៉េត |
||
| 245 | _aគំរោងវិធានការណ៍ដាំព្រៃឡើងវិញនៅស្រុកបាភ្នំខេត្តព្រៃវែង | ||
| 260 |
_aPhnom Penh _bRUA _c1989 |
||
| 300 |
_a75p. _bill. _c29cm. |
||
| 942 |
_2ddc _cFOR |
||
| 999 |
_c2855 _d2855 |
||